Atlas of ultrasound in obstetrics and gynecology : (Record no. 118519)

MARC details
000 -LEADER
fixed length control field 01116cam a2200301 a 4500
008 - FIXED-LENGTH DATA ELEMENTS--GENERAL INFORMATION
fixed length control field
020 ## - INTERNATIONAL STANDARD BOOK NUMBER
International Standard Book Number 0781736331 (pbk.)
049 ## - LOCAL HOLDINGS (OCLC)
Holding library MAIN
090 ## - LOCALLY ASSIGNED LC-TYPE CALL NUMBER (OCLC); LOCAL CALL NUMBER (RLIN)
Classification number (OCLC) (R) ; Classification number, CALL (RLIN) (NR) RG107.5.U4
Local cutter number (OCLC) ; Book number/undivided call number, CALL (RLIN) DOU
003 - CONTROL NUMBER IDENTIFIER
control field
005 - DATE AND TIME OF LATEST TRANSACTION
control field 20230120204157.0
040 ## - CATALOGING SOURCE
Transcribing agency NUST
100 1# - MAIN ENTRY--PERSONAL NAME
Personal name Doubilet, Peter M.
245 10 - TITLE STATEMENT
Title Atlas of ultrasound in obstetrics and gynecology :
Remainder of title a multimedia reference /
Statement of responsibility, etc. Peter M. Doubilet, Carol B. Benson.
260 ## - PUBLICATION, DISTRIBUTION, ETC.
Place of publication, distribution, etc. Philadelphia :
Name of publisher, distributor, etc. Lippincott Williams & Wilkins,
Date of publication, distribution, etc. c2003.
300 ## - PHYSICAL DESCRIPTION
Extent xii, 352 p. :
Other physical details ill. (some col.) ;
Dimensions 29 cm.
504 ## - BIBLIOGRAPHY, ETC. NOTE
Bibliography, etc. note Includes bibliographical references.
500 ## - GENERAL NOTE
General note Includes index.
650 #2 - SUBJECT ADDED ENTRY--TOPICAL TERM
Topical term or geographic name entry element Ultrasonography, Prenatal
Form subdivision Atlases.
650 #2 - SUBJECT ADDED ENTRY--TOPICAL TERM
Topical term or geographic name entry element Fetal Diseases
General subdivision ultrasonography
Form subdivision Atlases.
650 #2 - SUBJECT ADDED ENTRY--TOPICAL TERM
Topical term or geographic name entry element Genital Diseases, Female
General subdivision ultrasonography
Form subdivision Atlases.
650 #0 - SUBJECT ADDED ENTRY--TOPICAL TERM
Topical term or geographic name entry element Generative organs, Female
General subdivision Ultrasonic imaging
Form subdivision Atlases.
650 #0 - SUBJECT ADDED ENTRY--TOPICAL TERM
Topical term or geographic name entry element Ultrasonics in obstetrics
Form subdivision Atlases.
650 #0 - SUBJECT ADDED ENTRY--TOPICAL TERM
Topical term or geographic name entry element Fetus
General subdivision Diseases
-- Diagnosis
Form subdivision Atlases.
700 1# - ADDED ENTRY--PERSONAL NAME
Personal name Benson, Carol B.
907 ## - LOCAL DATA ELEMENT G, LDG (RLIN)
a .b10361972
b 11-09-15
c 11-09-15
942 ## - ADDED ENTRY ELEMENTS (KOHA)
Koha item type Ordinary Loan Books
Call number prefix RG107.5.U4
Call number suffix DOU
Holdings
Date last seen Total Checkouts Full call number Barcode Cost, replacement price Price effective from Koha item type Lost status Source of classification or shelving scheme Damaged status Not for loan Collection Withdrawn status Home library Current library Shelving location Date acquired Cost, normal purchase price
01/20/2023   RG107.5.U4 DOU 92004041120 80.00 01/20/2023 BOOKS   LCC     NFIC   Medical Medical GEN 01/20/2023 80.00